|
|
|
|
| LEADER |
00000cam a2200000 i 4500 |
| 001 |
1/88992 |
| 008 |
051114s1994 gr | ||| |||| ||gre|| |
| 020 |
|
|
|a 9607102495
|
| 035 |
|
|
|l 10081216
|
| 040 |
|
|
|a GR-MyUA
|b gre
|e AACR2
|
| 041 |
0 |
|
|a gre
|
| 082 |
0 |
|
|a 808.899282
|2 (22)
|
| 100 |
1 |
|
|a Μαραγκού, Νίκη,
|d 1948-2013.
|
| 245 |
1 |
0 |
|a Παραμύθια της Κύπρου /
|c Νίκης Μαραγκού ; εικονογράφηση Γιώργος Κόρδης.
|
| 260 |
|
|
|a Αθήνα :
|b Αρμός,
|c 1994.
|
| 300 |
|
|
|a 81 σ. :
|b εικ. ;
|c 24 εκ.
|
| 650 |
0 |
0 |
|a Children's stories
|z Cyprus.
|
| 650 |
0 |
0 |
|a Fairy tales
|z Cyprus.
|
| 650 |
0 |
0 |
|a Folk literature
|z Cyprus.
|
| 700 |
1 |
|
|a Κόρδης, Γιώργος Δ.,
|d 1956-
|e ill
|
| 852 |
|
|
|a INST
|b SAMOS
|e 20051114
|h 808.899282 ΜΑΡ
|p 005300024830
|q 005300024830
|t BK
|y 0
|
| 901 |
|
|
|a BIBL3-2005-3
|
| 909 |
|
|
|a Σ
|b 118932
|
| 970 |
|
|
|a ΜΑΛΑΓΑΡΗ
|b ΦΩΤΕΙΝΗ
|z 2005/11/14
|